Čo ovplyvňuje naše rozhodovanie?

Fázy a faktory nákupného rozhodovania spotrebiteľa.

Gespeichert in:
Bibliographische Detailangaben
1. Verfasser: Jarošová, Jana
Format: Buchkapitel
Sprache:Slowakisch
Schlagworte:
Tags: Tag hinzufügen
Keine Tags, Fügen Sie das erste Tag hinzu!

MARC

LEADER 00000naa a2200000 4500
001 0221715
005 20231120131200.3
041 0 |a slo 
044 |a SK 
245 1 0 |a Čo ovplyvňuje naše rozhodovanie?  |c Jana Jarošová 
520 |a Fázy a faktory nákupného rozhodovania spotrebiteľa. 
610 2 0 |a správanie spotrebiteľa 
610 2 0 |a emócie 
610 2 0 |a marketing 
610 2 0 |a rozhodovanie nákupné 
100 1 |a Jarošová, Jana